00496 2200181 4500001002100000005001500021035002000036007000300056008004100059020001800100082001100118084001700129100002200146245005400168260004000222300004300262650000900305INLIS00000000000022820231106030023 a0010-1123000011ta231106 g 0 ind  a979-006-369-5 a534.14 a534.14 ERI b0 aErif Kemal Syarif1 aBeternak & Bisnis Sapi Perah /cErif Kemal Syarif aJakarta :bAgromedia Pustaka,c2011 avi, 150 hlm, :bilus, ;c19 cm x 25 cm 4aSapi